000 01746nam a2200289Ia 4500
003 OSt
005 20210903121246.0
008 210310s1986 ck gr 000 0 spa d
020 _a9589061133
040 _aCO-JMCR
_cCO-JMCR
041 0 _aspa
082 0 4 _a338.634 /
_bU762s
_223
100 1 _aUribe Echevarría, Francisco,
_eautor
_927942
245 1 3 _aEl sector informal en las ciudades intermedias /
_cFrancisco Uribe Echavarría, Edgar Forero
250 _a1ª. edición.
260 _aBogotá :
_bCerec,
_c1991.
300 _a127 páginas :
_bilustraciones y gráficas en blanco y negro ;
_c19 cm.
490 0 _aTextos ;
_v8
500 _aDatos biográficos de los autores en solapa frontal.
504 _aBibliografía : páginas 102-105.
505 0 _aEl sector informal: ¿Qué no es, y para quién trabaja?. -- La manofactura en pequeña escala y la urbanización en Colombia.
520 0 _aEste libro es el resultado de un esfuerzo por aclarar los efectos y las políticas de desconcentración espacial y de desarrollo de las ciudades intermedias y pequeñas. Con base en las dinámicas de este vasto sector eco nómico, conocido como el sector informal, dentro del cual la manufactura en pequeña escala es decisiva, se analizan estos fenómenos cruciales en la historia con temporánea de nuestro país. Con esta segunda edición los editores pretenden seguir ofreciendo al público lector, este texto de dos especialistas en la materia, que ya se ha constituido en un clásico de nuestra bibliografía.
650 1 4 _aSector informal
_xPymes
_939973
650 2 4 _aManofactura
_xPequeñas y medianas empresas
_939974
650 2 4 _aRestricciones internas
_xPequeñas y medianas empresas
_939975
942 _2ddc
_cBK
999 _c12334
_d12334